Normal view
MARC view
Entry Personal Name
001 - CONTROL NUMBER
- control field: 49112
003 - CONTROL NUMBER IDENTIFIER
- control field: ARRUPE
005 - DATE AND TIME OF LATEST TRANSACTION
- control field: 20200129101225.0
008 - FIXED-LENGTH DATA ELEMENTS
- fixed length control field: 200129|| aca||aabn | a|a d
040 ## - CATALOGING SOURCE
- Original cataloging agency: ARRUPE
- Transcribing agency: ARRUPE
100 ## - HEADING--PERSONAL NAME
- Personal name: Victoria,
- Titles and other words associated with a name: Queen of Great Britain,
- Dates associated with a name: 1819-1901
- General subdivision: Family.
670 ## - SOURCE DATA FOUND
- Source citation: Work cat.: (ARRUPE)0: Gelardi, Julia P. 49111, Born to rule :, 2005.